000 00553cam a2200193 a 4500
020 _a0822936089
020 _a0822954141 (pbk.)
040 _cDLC
082 0 0 _a306 UNI 1989 A020 Or.
245 0 0 _aDemocracy in Japan /
260 _aPittsburgh, Pa :
_bUniversity of Pittsburgh Press,
_cc1989.
300 _ax, 354 p. :
_bill. ;
_c24 cm.
650 0 _aPolitical culture
650 0 _aDemocracy.
700 1 _aIshida, Takeshi,
700 1 _aKrauss, Ellis S.
856 4 2 _uhttp://www.loc.gov/catdir/enhancements/fy0743/88028057-d.html
942 _cEK
999 _c12841
_d12841